[Event "Landsturneringen 2017"]
[Site "Clarion Energy Hotel, Stavanger"]
[Date "2017.07.01"]
[Round "2"]
[White "Risting, Eivind Olav"]
[Black "Elsness, Frode"]
[Result "1/2-1/2"]
[WhiteElo "2295"]
[BlackElo "2466"]
[PlyCount "192"]

1. Nf3 {[%clk 1:30:55]} d5 {[%clk 1:30:53]} 2. g3 {[%clk 1:31:05]} c5
{[%clk 1:31:02]} 3. Bg2 {[%clk 1:30:30]} Nf6 {[%clk 1:31:19]} 4. O-O
{[%clk 1:30:13]} e6 {[%clk 1:31:27]} 5. c4 {[%clk 1:23:17]} d4 {[%clk 1:31:49]}
6. e3 {[%clk 1:23:12]} Nc6 {[%clk 1:32:07]} 7. exd4 {[%clk 1:22:22]} cxd4
{[%clk 1:32:35]} 8. d3 {[%clk 1:22:31]} Bd6 {[%clk 1:32:51]} 9. Na3
{[%clk 1:22:16]} O-O {[%clk 1:28:24]} 10. Nc2 {[%clk 1:21:29]} e5
{[%clk 1:21:11]} 11. b4 {[%clk 1:09:51]} Re8 {[%clk 1:10:12]} 12. Rb1
{[%clk 1:05:16]} Rb8 {[%clk 1:04:31]} 13. Re1 {[%clk 1:02:28]} b5
{[%clk 0:54:25]} 14. cxb5 {[%clk 0:38:59]} Rxb5 {[%clk 0:54:36]} 15. a4
{[%clk 0:36:00]} Rb8 {[%clk 0:54:33]} 16. b5 {[%clk 0:33:09]} a6 {[%clk 0:46:16]}
17. Bg5 {[%clk 0:29:06]} axb5 {[%clk 0:44:48]} 18. Bxf6 {[%clk 0:21:46]} Qxf6
{[%clk 0:39:40]} 19. Ncxd4 {[%clk 0:13:01]} Nxd4 {[%clk 0:38:30]} 20. Nxd4
{[%clk 0:13:26]} Bc5 {[%clk 0:33:08]} 21. Nf3 {[%clk 0:13:47]} Bd7
{[%clk 0:31:19]} 22. axb5 {[%clk 0:13:13]} Rxb5 {[%clk 0:30:52]} 23. Rxb5
{[%clk 0:11:35]} Bxb5 {[%clk 0:31:18]} 24. Qc2 {[%clk 0:08:58]} Qd6
{[%clk 0:22:14]} 25. Bf1 {[%clk 0:07:18]} Qd5 {[%clk 0:19:20]} 26. Ng5
{[%clk 0:03:11]} Bd4 {[%clk 0:17:20]} 27. Bg2 {[%clk 0:02:09]} Qd7
{[%clk 0:13:05]} 28. Bh3 {[%clk 0:00:57]} Qd5 {[%clk 0:09:52]} 29. Bg2
{[%clk 0:01:14]} Qd7 {[%clk 0:09:18]} 30. Bh3 {[%clk 0:01:41]} Qa7
{[%clk 0:07:47]} 31. Ne4 {[%clk 0:01:00]} Qa6 {[%clk 0:07:00]} 32. Rd1
{[%clk 0:00:35]} Ba4 {[%clk 0:06:17]} 33. Qa2 {[%clk 0:00:53]} Ra8
{[%clk 0:06:19]} 34. Rd2 {[%clk 0:00:32]} Qb7 {[%clk 0:03:15]} 35. Nd6
{[%clk 0:00:37]} Qc7 {[%clk 0:02:56]} 36. Nc4 {[%clk 0:00:33]} Bc3
{[%clk 0:02:02]} 37. Re2 {[%clk 0:00:33]} Bc6 {[%clk 0:02:29]} 38. Qb3
{[%clk 0:00:42]} Ra1+ {[%clk 0:02:01]} 39. Bf1 {[%clk 0:01:10]} Bd4
{[%clk 0:01:03]} 40. Ra2 {[%clk 0:00:38]} Bb7 {[%clk 0:00:34]} 41. Rxa1
{[%clk 0:27:09]} Bxa1 {[%clk 0:29:01]} 42. Qa4 {[%clk 0:23:03]} Qc6
{[%clk 0:28:59]} 43. Qxc6 {[%clk 0:23:24]} Bxc6 {[%clk 0:29:26]} 44. Bg2
{[%clk 0:23:29]} Ba4 {[%clk 0:27:19]} 45. Bd5 {[%clk 0:22:40]} Kf8
{[%clk 0:26:45]} 46. Nd6 {[%clk 0:21:55]} f6 {[%clk 0:26:58]} 47. Kf1
{[%clk 0:21:07]} Bd4 {[%clk 0:26:35]} 48. Ke2 {[%clk 0:21:05]} g6
{[%clk 0:26:05]} 49. Ne4 {[%clk 0:18:46]} Ke7 {[%clk 0:25:53]} 50. h4
{[%clk 0:18:06]} h6 {[%clk 0:25:09]} 51. Nd2 {[%clk 0:17:33]} f5 {[%clk 0:23:29]}
52. Nf3 {[%clk 0:15:20]} Ba7 {[%clk 0:23:35]} 53. Bc4 {[%clk 0:13:21]} Kf6
{[%clk 0:22:37]} 54. Nd2 {[%clk 0:12:25]} Bc6 {[%clk 0:21:43]} 55. Nb1
{[%clk 0:12:17]} f4 {[%clk 0:16:04]} 56. Nd2 {[%clk 0:04:52]} Kf5
{[%clk 0:13:22]} 57. Ne4 {[%clk 0:02:32]} g5 {[%clk 0:08:40]} 58. hxg5
{[%clk 0:01:53]} hxg5 {[%clk 0:09:02]} 59. Nd6+ {[%clk 0:01:50]} Kg6
{[%clk 0:08:52]} 60. gxf4 {[%clk 0:01:22]} exf4 {[%clk 0:08:47]} 61. f3
{[%clk 0:00:57]} Bd7 {[%clk 0:07:22]} 62. Bb5 {[%clk 0:01:01]} Bh3
{[%clk 0:07:41]} 63. Be8+ {[%clk 0:01:16]} Kh6 {[%clk 0:07:15]} 64. Nb5
{[%clk 0:01:06]} Be3 {[%clk 0:06:54]} 65. Nd6 {[%clk 0:00:52]} Bb6
{[%clk 0:05:51]} 66. Nc4 {[%clk 0:00:50]} Bd4 {[%clk 0:05:33]} 67. Nd6
{[%clk 0:00:57]} Bg1 {[%clk 0:04:30]} 68. Nf7+ {[%clk 0:00:44]} Kh5
{[%clk 0:04:27]} 69. Ne5+ {[%clk 0:01:06]} Kh4 {[%clk 0:04:19]} 70. Bd7
{[%clk 0:01:07]} Bg2 {[%clk 0:03:26]} 71. Bg4 {[%clk 0:00:35]} Kg3
{[%clk 0:03:53]} 72. Nf7 {[%clk 0:00:39]} Be3 {[%clk 0:03:11]} 73. Nxg5
{[%clk 0:00:43]} Kh2 {[%clk 0:03:30]} 74. Ne6 {[%clk 0:00:33]} Kg1
{[%clk 0:03:34]} 75. Nxf4 {[%clk 0:00:32]} Bxf4 {[%clk 0:03:53]} 76. d4
{[%clk 0:00:41]} Bf1+ {[%clk 0:04:20]} 77. Kd1 {[%clk 0:00:45]} Kf2
{[%clk 0:04:35]} 78. Kc2 {[%clk 0:00:55]} Ke3 {[%clk 0:04:47]} 79. Kc3
{[%clk 0:01:10]} Bg3 {[%clk 0:04:49]} 80. d5 {[%clk 0:01:03]} Be5+
{[%clk 0:05:14]} 81. Kb4 {[%clk 0:00:57]} Kd4 {[%clk 0:05:37]} 82. Bf5
{[%clk 0:00:43]} Bc4 {[%clk 0:05:54]} 83. Bd7 {[%clk 0:00:32]} Bg3
{[%clk 0:05:34]} 84. Ka5 {[%clk 0:00:33]} Kc5 {[%clk 0:04:13]} 85. Bc6
{[%clk 0:00:32]} Be1+ {[%clk 0:03:44]} 86. Ka4 {[%clk 0:00:57]} Bb4
{[%clk 0:03:52]} 87. f4 {[%clk 0:01:09]} Ba2 {[%clk 0:03:56]} 88. d6
{[%clk 0:00:34]} Bb1 {[%clk 0:03:35]} 89. Kb3 {[%clk 0:00:40]} Ba5
{[%clk 0:04:00]} 90. Bf3 {[%clk 0:00:50]} Kxd6 {[%clk 0:04:22]} 91. Ka4
{[%clk 0:00:31]} Bd2 {[%clk 0:04:33]} 92. Kb5 {[%clk 0:00:46]} Bd3+
{[%clk 0:04:56]} 93. Kb6 {[%clk 0:01:02]} Bxf4 {[%clk 0:05:07]} 94. Kb7
{[%clk 0:01:21]} Kd7 {[%clk 0:05:11]} 95. Bc6+ {[%clk 0:01:45]} Kd8
{[%clk 0:05:30]} 96. Bd5 {[%clk 0:02:07]} Kd7 {[%clk 0:05:16]}
1/2-1/2

[Event "Landsturneringen 2017"]
[Site "Clarion Energy Hotel, Stavanger"]
[Date "2017.07.01"]
[Round "2"]
[White "Hammer, Jon Ludvig"]
[Black "Haug, Johannes"]
[Result "1-0"]
[WhiteElo "2628"]
[BlackElo "2335"]
[PlyCount "97"]

1. e4 {[%clk 1:30:58]} c6 {[%clk 1:30:36]} 2. Nf3 {[%clk 1:31:20]} d5
{[%clk 1:30:30]} 3. Nc3 {[%clk 1:31:43]} Bg4 {[%clk 1:28:59]} 4. h3
{[%clk 1:32:05]} Bxf3 {[%clk 1:29:20]} 5. Qxf3 {[%clk 1:32:27]} e6
{[%clk 1:29:41]} 6. d4 {[%clk 1:32:45]} dxe4 {[%clk 1:25:35]} 7. Qxe4
{[%clk 1:33:07]} Nf6 {[%clk 1:25:29]} 8. Qd3 {[%clk 1:33:30]} Bd6
{[%clk 1:18:45]} 9. g3 {[%clk 1:32:40]} Nbd7 {[%clk 1:17:52]} 10. Bg2
{[%clk 1:33:00]} Qc7 {[%clk 1:14:02]} 11. O-O {[%clk 1:33:07]} O-O
{[%clk 1:10:41]} 12. b3 {[%clk 1:29:54]} Rad8 {[%clk 1:01:28]} 13. Bb2
{[%clk 1:25:28]} e5 {[%clk 0:50:14]} 14. d5 {[%clk 1:19:26]} cxd5
{[%clk 0:44:31]} 15. Nxd5 {[%clk 1:18:31]} Nxd5 {[%clk 0:41:38]} 16. Qxd5
{[%clk 1:18:53]} Nf6 {[%clk 0:34:59]} 17. Qd2 {[%clk 1:18:34]} Bc5
{[%clk 0:29:55]} 18. Qe2 {[%clk 1:18:25]} Bd4 {[%clk 0:29:18]} 19. c3
{[%clk 1:17:58]} Bc5 {[%clk 0:27:49]} 20. Rad1 {[%clk 1:13:24]} e4
{[%clk 0:18:11]} 21. c4 {[%clk 1:05:11]} e3 {[%clk 0:09:52]} 22. f4
{[%clk 1:05:11]} Qe7 {[%clk 0:09:44]} 23. Kh2 {[%clk 1:03:41]} b6
{[%clk 0:08:35]} 24. Bf3 {[%clk 0:58:56]} a5 {[%clk 0:07:40]} 25. Rxd8
{[%clk 0:59:12]} Rxd8 {[%clk 0:07:49]} 26. Rd1 {[%clk 0:59:36]} h6
{[%clk 0:02:26]} 27. Rxd8+ {[%clk 0:58:20]} Qxd8 {[%clk 0:02:53]} 28. Kg2
{[%clk 0:56:55]} Qe8 {[%clk 0:00:32]} 29. Qd3 {[%clk 0:54:10]} a4
{[%clk 0:00:36]} 30. Be5 {[%clk 0:51:26]} axb3 {[%clk 0:00:47]} 31. axb3
{[%clk 0:51:48]} Qe7 {[%clk 0:00:44]} 32. h4 {[%clk 0:43:52]} Qe6
{[%clk 0:00:32]} 33. Qd8+ {[%clk 0:42:38]} Kh7 {[%clk 0:00:37]} 34. Be2
{[%clk 0:41:01]} Ne4 {[%clk 0:00:33]} 35. Qd3 {[%clk 0:38:21]} f5
{[%clk 0:00:32]} 36. h5 {[%clk 0:29:28]} Qe8 {[%clk 0:00:33]} 37. Qd5
{[%clk 0:21:52]} Bb4 {[%clk 0:00:32]} 38. Bd4 {[%clk 0:20:14]} Bc5
{[%clk 0:00:36]} 39. Qxf5+ {[%clk 0:20:19]} Kg8 {[%clk 0:00:48]} 40. Qd5+
{[%clk 0:14:40]} Kh8 {[%clk 0:00:46]} 41. Be5 {[%clk 0:15:02]} Nf6
{[%clk 0:24:32]} 42. Qb7 {[%clk 0:44:38]} Qd8 {[%clk 0:24:39]} 43. Qb8
{[%clk 0:42:03]} Qxb8 {[%clk 0:24:20]} 44. Bxb8 {[%clk 0:42:30]} Ne4
{[%clk 0:14:42]} 45. Bc7 {[%clk 0:42:48]} Bd4 {[%clk 0:13:18]} 46. b4
{[%clk 0:42:32]} Kg8 {[%clk 0:13:42]} 47. c5 {[%clk 0:40:58]} bxc5
{[%clk 0:13:56]} 48. b5 {[%clk 0:41:20]} Nc3 {[%clk 0:11:28]} 49. Bc4+
{[%clk 0:40:28]}
1-0

[Event "Landsturneringen 2017"]
[Site "Clarion Energy Hotel, Stavanger"]
[Date "2017.07.01"]
[Round "2"]
[White "Lie, Espen"]
[Black "Kaasen, Tor Fredrik"]
[Result "1/2-1/2"]
[WhiteElo "2462"]
[BlackElo "2402"]
[PlyCount "67"]

1. Nf3 {[%clk 1:30:57]} Nf6 {[%clk 1:30:30]} 2. g3 {[%clk 1:31:21]} b6
{[%clk 1:30:26]} 3. Bg2 {[%clk 1:31:43]} Bb7 {[%clk 1:30:49]} 4. c4
{[%clk 1:31:33]} e6 {[%clk 1:30:55]} 5. O-O {[%clk 1:30:39]} Be7 {[%clk 1:31:01]}
6. b3 {[%clk 1:30:48]} O-O {[%clk 1:28:32]} 7. Bb2 {[%clk 1:31:09]} d5
{[%clk 1:25:42]} 8. cxd5 {[%clk 1:27:29]} exd5 {[%clk 1:25:12]} 9. d4
{[%clk 1:27:50]} Re8 {[%clk 1:21:13]} 10. Nc3 {[%clk 1:27:29]} Nbd7
{[%clk 1:17:38]} 11. Rc1 {[%clk 1:23:06]} a6 {[%clk 1:17:15]} 12. Rc2
{[%clk 1:16:12]} Bd6 {[%clk 1:15:39]} 13. Qc1 {[%clk 1:11:37]} Qe7
{[%clk 1:15:03]} 14. Rd1 {[%clk 1:08:40]} b5 {[%clk 1:11:00]} 15. e3
{[%clk 1:03:00]} Rac8 {[%clk 1:09:16]} 16. Ne2 {[%clk 0:57:54]} Ne4
{[%clk 1:08:07]} 17. Nf4 {[%clk 0:55:25]} Ndf6 {[%clk 1:00:39]} 18. Nd3
{[%clk 0:53:07]} Nd7 {[%clk 0:55:12]} 19. Nd2 {[%clk 0:43:15]} c5
{[%clk 0:44:19]} 20. Nxe4 {[%clk 0:35:34]} dxe4 {[%clk 0:43:08]} 21. Nxc5
{[%clk 0:35:53]} Bxc5 {[%clk 0:42:26]} 22. dxc5 {[%clk 0:36:12]} Nxc5
{[%clk 0:42:50]} 23. Ba3 {[%clk 0:12:22]} Nxb3 {[%clk 0:39:15]} 24. axb3
{[%clk 0:10:05]} Rxc2 {[%clk 0:39:38]} 25. Bxe7 {[%clk 0:07:57]} Rxc1
{[%clk 0:40:01]} 26. Rxc1 {[%clk 0:08:22]} Rxe7 {[%clk 0:40:27]} 27. Bxe4
{[%clk 0:08:40]} Rxe4 {[%clk 0:38:48]} 28. Rc7 {[%clk 0:09:04]} Rb4
{[%clk 0:34:55]} 29. Rxb7 {[%clk 0:09:28]} g6 {[%clk 0:35:20]} 30. Ra7
{[%clk 0:09:48]} Rxb3 {[%clk 0:35:45]} 31. Rxa6 {[%clk 0:10:12]} Kg7
{[%clk 0:36:05]} 32. Rb6 {[%clk 0:10:33]} Rb1+ {[%clk 0:35:47]} 33. Kg2
{[%clk 0:10:58]} Rb2 {[%clk 0:36:12]} 34. h4 {[%clk 0:11:18]}
1/2-1/2

[Event "Landsturneringen 2017"]
[Site "Clarion Energy Hotel, Stavanger"]
[Date "2017.07.01"]
[Round "2"]
[White "Mihajlov, Sebastian"]
[Black "Moen, Andreas G.R."]
[Result "1/2-1/2"]
[WhiteElo "2414"]
[BlackElo "2330"]
[PlyCount "56"]

1. d4 {[%clk 1:30:50]} Nf6 {[%clk 1:30:53]} 2. c4 {[%clk 1:31:11]} e6
{[%clk 1:31:14]} 3. Nf3 {[%clk 1:31:10]} Bb4+ {[%clk 1:31:21]} 4. Nbd2
{[%clk 1:30:21]} b6 {[%clk 1:30:44]} 5. e3 {[%clk 1:29:40]} O-O {[%clk 1:22:20]}
6. Bd3 {[%clk 1:28:36]} d5 {[%clk 1:19:26]} 7. a3 {[%clk 1:25:43]} Be7
{[%clk 1:10:42]} 8. O-O {[%clk 1:20:14]} Bb7 {[%clk 1:09:50]} 9. b3
{[%clk 1:11:46]} Nbd7 {[%clk 1:07:05]} 10. Bb2 {[%clk 1:11:49]} c5
{[%clk 1:04:44]} 11. cxd5 {[%clk 1:09:32]} exd5 {[%clk 1:04:09]} 12. Ne5
{[%clk 1:09:13]} Ne4 {[%clk 0:56:41]} 13. f3 {[%clk 0:49:14]} cxd4
{[%clk 0:35:24]} 14. Nxd7 {[%clk 0:46:53]} Nxd2 {[%clk 0:34:13]} 15. Nxf8
{[%clk 0:41:48]} Nxf1 {[%clk 0:34:37]} 16. Bxf1 {[%clk 0:40:27]} Qxf8
{[%clk 0:34:17]} 17. Qxd4 {[%clk 0:26:16]} Bf6 {[%clk 0:21:59]} 18. Qd2
{[%clk 0:26:39]} Bxb2 {[%clk 0:22:24]} 19. Qxb2 {[%clk 0:27:04]} Qc5
{[%clk 0:22:17]} 20. Re1 {[%clk 0:27:09]} Rc8 {[%clk 0:22:20]} 21. Kf2
{[%clk 0:24:03]} Qc2+ {[%clk 0:16:01]} 22. Re2 {[%clk 0:24:23]} Qxb2
{[%clk 0:16:16]} 23. Rxb2 {[%clk 0:24:49]} Rc3 {[%clk 0:15:38]} 24. Ke2
{[%clk 0:24:23]} Rc1 {[%clk 0:15:30]} 25. b4 {[%clk 0:21:37]} Kf8
{[%clk 0:15:40]} 26. g3 {[%clk 0:20:35]} Ra1 {[%clk 0:11:27]} 27. Rb3
{[%clk 0:20:14]} Ke7 {[%clk 0:10:12]} 28. Kf2 {[%clk 0:19:30]} Kd6
{[%clk 0:09:14]}
1/2-1/2

[Event "Landsturneringen 2017"]
[Site "Clarion Energy Hotel, Stavanger"]
[Date "2017.07.01"]
[Round "2"]
[White "Lie, Kjetil A."]
[Black "Aulin-Jansson, Jøran"]
[Result "1-0"]
[WhiteElo "2539"]
[BlackElo "2267"]
[PlyCount "63"]

1. d4 {[%clk 1:30:55]} Nf6 {[%clk 1:30:36]} 2. Bf4 {[%clk 1:31:04]} c5
{[%clk 1:30:38]} 3. d5 {[%clk 1:31:04]} d6 {[%clk 1:29:01]} 4. Nc3
{[%clk 1:27:33]} a6 {[%clk 1:25:21]} 5. a4 {[%clk 1:26:15]} g6 {[%clk 1:22:04]}
6. e4 {[%clk 1:23:27]} Bg7 {[%clk 1:19:20]} 7. h3 {[%clk 1:14:41]} Qa5
{[%clk 1:15:21]} 8. Bd2 {[%clk 1:11:01]} O-O {[%clk 1:11:03]} 9. Nf3
{[%clk 1:09:26]} Qc7 {[%clk 1:03:13]} 10. Bc4 {[%clk 0:55:52]} e5
{[%clk 0:57:47]} 11. g4 {[%clk 0:44:56]} h5 {[%clk 0:50:54]} 12. Nh2
{[%clk 0:43:19]} Nbd7 {[%clk 0:47:35]} 13. Be2 {[%clk 0:42:23]} hxg4
{[%clk 0:47:43]} 14. hxg4 {[%clk 0:42:39]} c4 {[%clk 0:39:15]} 15. g5
{[%clk 0:29:34]} Nh7 {[%clk 0:39:38]} 16. Ng4 {[%clk 0:29:16]} Rb8
{[%clk 0:36:13]} 17. Ra3 {[%clk 0:24:46]} b5 {[%clk 0:28:22]} 18. axb5
{[%clk 0:25:05]} axb5 {[%clk 0:28:50]} 19. Na2 {[%clk 0:24:03]} f5
{[%clk 0:26:08]} 20. Nh6+ {[%clk 0:20:42]} Kh8 {[%clk 0:16:04]} 21. exf5
{[%clk 0:16:10]} Bxh6 {[%clk 0:16:27]} 22. fxg6 {[%clk 0:15:22]} Bg7
{[%clk 0:16:54]} 23. Bg4 {[%clk 0:14:08]} Rf4 {[%clk 0:10:49]} 24. Rxh7+
{[%clk 0:12:05]} Kg8 {[%clk 0:11:13]} 25. Be6+ {[%clk 0:11:13]} Kf8
{[%clk 0:11:41]} 26. Bxf4 {[%clk 0:10:29]} exf4 {[%clk 0:12:05]} 27. Qg4
{[%clk 0:09:50]} Ne5 {[%clk 0:11:50]} 28. Qxf4+ {[%clk 0:08:22]} Ke8
{[%clk 0:12:19]} 29. Bf7+ {[%clk 0:08:32]} Kf8 {[%clk 0:12:41]} 30. Rxg7
{[%clk 0:08:35]} Kxg7 {[%clk 0:13:00]} 31. Qf6+ {[%clk 0:08:58]} Kf8
{[%clk 0:13:25]} 32. g7# {[%clk 0:09:20]}
1-0

[Event "Landsturneringen 2017"]
[Site "Clarion Energy Hotel, Stavanger"]
[Date "2017.07.01"]
[Round "2"]
[White "Fossan, Erik"]
[Black "Christiansen, Johan-Sebastian"]
[Result "0-1"]
[WhiteElo "2347"]
[BlackElo "2458"]
[PlyCount "72"]

1. e4 {[%clk 1:30:59]} e6 {[%clk 1:30:54]} 2. d4 {[%clk 1:31:26]} d5
{[%clk 1:31:20]} 3. exd5 {[%clk 1:31:53]} exd5 {[%clk 1:31:43]} 4. Nf3
{[%clk 1:32:20]} Nf6 {[%clk 1:32:08]} 5. Bg5 {[%clk 1:32:44]} c6 {[%clk 1:29:40]}
6. Bd3 {[%clk 1:29:31]} h6 {[%clk 1:23:30]} 7. Bh4 {[%clk 1:29:31]} Be7
{[%clk 1:19:59]} 8. O-O {[%clk 1:27:48]} Qb6 {[%clk 1:18:01]} 9. Qc1
{[%clk 1:09:51]} Be6 {[%clk 1:11:53]} 10. c3 {[%clk 0:48:32]} Nbd7
{[%clk 1:12:09]} 11. Nbd2 {[%clk 0:44:37]} Rc8 {[%clk 1:03:38]} 12. b4
{[%clk 0:28:50]} Qd8 {[%clk 0:59:43]} 13. Re1 {[%clk 0:26:46]} O-O
{[%clk 0:58:37]} 14. Qb2 {[%clk 0:21:03]} Nh5 {[%clk 0:57:00]} 15. Bxe7
{[%clk 0:15:17]} Qxe7 {[%clk 0:57:22]} 16. Bf5 {[%clk 0:14:50]} Qf6
{[%clk 0:54:33]} 17. Bxe6 {[%clk 0:10:39]} fxe6 {[%clk 0:55:02]} 18. Nf1
{[%clk 0:10:43]} Nf4 {[%clk 0:52:33]} 19. Re3 {[%clk 0:10:57]} Rce8
{[%clk 0:50:38]} 20. Rae1 {[%clk 0:02:03]} h5 {[%clk 0:35:42]} 21. h4
{[%clk 0:01:55]} Nb6 {[%clk 0:35:41]} 22. N1d2 {[%clk 0:01:22]} Qf5
{[%clk 0:31:32]} 23. Qb1 {[%clk 0:00:58]} Qg4 {[%clk 0:31:28]} 24. g3
{[%clk 0:01:01]} Rf5 {[%clk 0:20:30]} 25. Rf1 {[%clk 0:00:47]} Ref8
{[%clk 0:19:01]} 26. Ng5 {[%clk 0:00:47]} Ne2+ {[%clk 0:10:15]} 27. Kg2
{[%clk 0:01:16]} Nf4+ {[%clk 0:09:49]} 28. Kg1 {[%clk 0:01:43]} R8f6 29. Qd1
{[%clk 0:00:50]} Rxg5 {[%clk 0:05:13]} 30. hxg5 {[%clk 0:01:12]} Nh3+
{[%clk 0:05:42]} 31. Kg2 {[%clk 0:00:38]} Nf4+ {[%clk 0:04:59]} 32. Kg1
{[%clk 0:01:00]} Qxg5 {[%clk 0:04:32]} 33. Re5 {[%clk 0:00:39]} Qg6
{[%clk 0:04:46]} 34. Kh2 {[%clk 0:00:35]} Nd3 {[%clk 0:05:10]} 35. Rxh5
{[%clk 0:00:37]} Nxf2 {[%clk 0:04:46]} 36. Rh4 {[%clk 0:01:03]} Nxd1
{[%clk 0:05:10]}
0-1

[Event "Landsturneringen 2017"]
[Site "Clarion Energy Hotel, Stavanger"]
[Date "2017.07.01"]
[Round "2"]
[White "Grønn, Atle"]
[Black "Arvola, Benjamin"]
[Result "0-1"]
[WhiteElo "2331"]
[BlackElo "2435"]
[PlyCount "98"]

1. Nf3 {[%clk 1:30:58]} Nf6 {[%clk 1:30:51]} 2. c4 {[%clk 1:31:20]} c6
{[%clk 1:31:17]} 3. Nc3 {[%clk 1:28:38]} d5 {[%clk 1:29:59]} 4. e3
{[%clk 1:28:44]} Bg4 {[%clk 1:22:35]} 5. h3 {[%clk 1:22:14]} Bxf3
{[%clk 1:22:02]} 6. Qxf3 {[%clk 1:22:05]} e6 {[%clk 1:20:51]} 7. d4
{[%clk 1:13:41]} Nbd7 {[%clk 1:12:18]} 8. Bd2 {[%clk 1:09:39]} Bb4
{[%clk 1:05:35]} 9. Bd3 {[%clk 1:02:53]} dxc4 {[%clk 0:59:40]} 10. Bxc4
{[%clk 1:02:44]} e5 {[%clk 0:59:53]} 11. a3 {[%clk 0:55:01]} exd4
{[%clk 0:56:37]} 12. exd4 {[%clk 0:53:37]} Nb6 {[%clk 0:52:08]} 13. Ba2
{[%clk 0:47:56]} Be7 {[%clk 0:51:00]} 14. O-O {[%clk 0:45:47]} O-O
{[%clk 0:49:17]} 15. Rfe1 {[%clk 0:40:38]} Qd7 {[%clk 0:45:11]} 16. Bf4
{[%clk 0:36:30]} Nfd5 {[%clk 0:38:29]} 17. Be5 {[%clk 0:31:52]} f6
{[%clk 0:26:18]} 18. Bg3 {[%clk 0:29:53]} Rfe8 {[%clk 0:26:00]} 19. Ne4
{[%clk 0:27:01]} Bf8 {[%clk 0:24:34]} 20. Nc5 {[%clk 0:25:49]} Qf7
{[%clk 0:24:14]} 21. b4 {[%clk 0:24:34]} Rad8 {[%clk 0:20:22]} 22. Rxe8
{[%clk 0:20:22]} Rxe8 {[%clk 0:20:39]} 23. a4 {[%clk 0:20:29]} a6
{[%clk 0:13:55]} 24. b5 {[%clk 0:19:49]} axb5 {[%clk 0:13:54]} 25. axb5
{[%clk 0:20:13]} Ra8 {[%clk 0:12:06]} 26. Kh2 {[%clk 0:17:18]} f5
{[%clk 0:06:02]} 27. Be5 {[%clk 0:13:08]} Nc4 {[%clk 0:04:41]} 28. bxc6
{[%clk 0:07:59]} bxc6 {[%clk 0:04:00]} 29. Nd3 {[%clk 0:06:17]} Ra3
{[%clk 0:04:17]} 30. Bxc4 {[%clk 0:04:31]} Rxa1 {[%clk 0:04:35]} 31. Nf4
{[%clk 0:04:55]} Ra3 {[%clk 0:03:37]} 32. Nxd5 {[%clk 0:02:24]} Rxf3
{[%clk 0:04:02]} 33. Ne7+ {[%clk 0:02:22]} Bxe7 {[%clk 0:04:27]} 34. Bxf7+
{[%clk 0:02:49]} Kxf7 {[%clk 0:04:55]} 35. gxf3 {[%clk 0:03:14]} Bf6
{[%clk 0:04:17]} 36. f4 {[%clk 0:03:02]} Bh4 {[%clk 0:02:53]} 37. Kg2
{[%clk 0:03:19]} g6 {[%clk 0:03:14]} 38. Kf3 {[%clk 0:03:09]} Ke6
{[%clk 0:03:38]} 39. Ke3 {[%clk 0:03:14]} Kd5 {[%clk 0:04:03]} 40. Bg7
{[%clk 0:02:11]} Kc4 {[%clk 0:04:26]} 41. Be5 {[%clk 0:01:58]} Be7
{[%clk 0:02:28]} 42. Bc7 {[%clk 0:26:57]} Ba3 {[%clk 0:31:28]} 43. Be5
{[%clk 0:17:20]} Bb2 {[%clk 0:31:06]} 44. f3 {[%clk 0:12:39]} Bc3
{[%clk 0:31:21]} 45. Bc7 {[%clk 0:08:15]} Bxd4+ {[%clk 0:30:22]} 46. Kd2
{[%clk 0:06:43]} Bf2 {[%clk 0:29:34]} 47. Bd8 {[%clk 0:06:51]} Bg3
{[%clk 0:29:38]} 48. Bg5 {[%clk 0:07:01]} Kb3 {[%clk 0:29:29]} 49. Ke3
{[%clk 0:06:41]} c5 {[%clk 0:29:38]}
0-1

[Event "Landsturneringen 2017"]
[Site "Clarion Energy Hotel, Stavanger"]
[Date "2017.07.01"]
[Round "2"]
[White "Løvik, Lasse Østebø"]
[Black "Tryggestad, Andreas G"]
[Result "0-1"]
[WhiteElo "2400"]
[BlackElo "2314"]
[PlyCount "70"]

1. d4 {[%clk 1:30:56]} Nf6 {[%clk 1:30:55]} 2. c4 {[%clk 1:31:20]} g6
{[%clk 1:31:21]} 3. Nc3 {[%clk 1:31:44]} d5 {[%clk 1:31:47]} 4. Bg5
{[%clk 1:32:07]} Ne4 {[%clk 1:32:11]} 5. Bh4 {[%clk 1:32:31]} Nxc3
{[%clk 1:32:16]} 6. bxc3 {[%clk 1:32:55]} dxc4 {[%clk 1:32:37]} 7. e3
{[%clk 1:33:18]} Be6 {[%clk 1:32:39]} 8. Qb1 {[%clk 1:33:42]} Qc8
{[%clk 1:32:06]} 9. Nf3 {[%clk 1:32:58]} Nd7 {[%clk 1:27:11]} 10. Ng5
{[%clk 1:31:06]} Nb6 {[%clk 1:26:13]} 11. a4 {[%clk 1:20:58]} a5 {[%clk 1:26:26]}
12. Nxe6 {[%clk 1:11:51]} Qxe6 {[%clk 1:26:46]} 13. Qb5+ {[%clk 1:12:14]} Qc6
{[%clk 1:25:53]} 14. Qxc6+ {[%clk 1:07:35]} bxc6 {[%clk 1:26:20]} 15. Be2
{[%clk 1:06:39]} Kd7 {[%clk 1:26:06]} 16. O-O {[%clk 1:03:20]} e6
{[%clk 1:26:24]} 17. Bf3 {[%clk 0:54:39]} Rb8 {[%clk 1:26:19]} 18. Rfd1
{[%clk 0:50:36]} Nd5 {[%clk 1:23:46]} 19. e4 {[%clk 0:44:32]} Nxc3
{[%clk 1:21:47]} 20. Rdc1 {[%clk 0:44:56]} Rb3 {[%clk 1:18:56]} 21. Bf6
{[%clk 0:42:36]} Rg8 {[%clk 1:18:11]} 22. Rc2 {[%clk 0:38:41]} Be7
{[%clk 1:16:08]} 23. Bxe7 {[%clk 0:27:15]} Kxe7 {[%clk 1:16:34]} 24. Rac1
{[%clk 0:26:14]} Rgb8 {[%clk 1:16:52]} 25. h4 {[%clk 0:24:59]} Nxa4
{[%clk 1:16:12]} 26. Rxc4 {[%clk 0:25:13]} Rb1 {[%clk 1:13:17]} 27. Rxc6
{[%clk 0:21:45]} Rxc1+ {[%clk 1:09:17]} 28. Rxc1 {[%clk 0:22:07]} Kd8
{[%clk 1:09:43]} 29. e5 {[%clk 0:15:07]} Rb4 {[%clk 1:03:12]} 30. d5
{[%clk 0:10:55]} Nb6 {[%clk 1:03:11]} 31. Rc5 {[%clk 0:05:53]} a4
{[%clk 1:03:02]} 32. d6 {[%clk 0:04:11]} cxd6 {[%clk 1:02:53]} 33. exd6
{[%clk 0:04:12]} a3 {[%clk 1:03:00]} 34. Ra5 {[%clk 0:02:31]} Ra4
{[%clk 1:03:25]} 35. Rb5 {[%clk 0:02:18]} a2 {[%clk 1:03:49]}
0-1